000 00610nam a2200217 a 4500
008
090 _aHX15
_bFAB
245 0 0 _aFabian essays/
_cby George Bernard Shaw,... [et al.] With a new introd., by Asa Briggs.
250 _a6th ed.
260 _aLondon,
_bG. Allen & Unwin
_c1962.
300 _a322 p.
_c22 cm.
650 0 _aSocialism.
650 0 _aSocialism
_zGreat Britain.
700 1 _aShaw, Bernard.
907 _a.b10179896
_b22-03-12
_c24-10-05
003
005 20230123134126.0
040 _cNUST
049 _aMAIN
942 _cBOOKS
_kHX15
_mFAB
999 _c160491
_d160491